[Event "V Festival A"]
[Site "Cesenatico ITA"]
[Date "2000.09.04"]
[Round "3"]
[White "Assmann, Thomas"]
[Black "Costantini, Roberto"]
[Result "1/2-1/2"]
[WhiteElo "2335"]
[BlackElo "2233"]
[PlyCount "157"]
[EventDate "2000.09.03"]

1.d4 Nf6 2.Nf3 d5 3.c4 e6 4.cxd5 exd5 5.Nc3 c6 6.Qc2 Be7 7.Bg5 g6 8.e3 Bf5
9.Bd3 Bxd3 10.Qxd3 Nbd7 11.Bh6 Bf8 12.Bxf8 Kxf8 13.b4 Kg7 14.O-O Qe7 15.b5
Rhc8 16.bxc6 Rxc6 17.Rab1 Rac8 18.Rb3 a6 19.a4 Qd6 20.Rfb1 Qc7 21.Ne2 Qa5 
22.Rxb7 Qxa4 23.Ne5 Rc2 24.Nxd7 Nxd7 25.Qd1 Qa2 26.Nc1 Qc4 27.Nd3 Rc3 28.
Nf4 Qc6 29.g4 Qd6 30.Qf3 Rc1+ 31.Rxc1 Rxc1+ 32.Kg2 Rc7 33.Rxc7 Qxc7 34.
Nxd5 Qc6 35.Nb4 Qb5 36.Qc6 Qxb4 37.Qxd7 a5 38.e4 a4 39.e5 Qb3 40.d5 Qc2 
41.Qd6 Qd1 42.Qf6+ Kg8 43.Qd8+ Kg7 44.h3 Qd4 45.Qf6+ Kg8 46.d6 a3 47.Qf3 
Qa7 48.Qd5 a2 49.d7 Qxd7 50.Qxd7 a1=Q 51.Qd8+ Kg7 52.Qf6+ Kg8 53.Qf4 Qc3 
54.h4 Qc6+ 55.Kh2 Qc2 56.h5 gxh5 57.gxh5 h6 58.Kg3 Qd3+ 59.Qf3 Qd2 60.Qf4 
Qc3+ 61.f3 Qc6 62.Kg4 Qc8+ 63.Kh4 Qd8+ 64.Kg3 Qb6 65.Qg4+ Kf8 66.Qc8+ Kg7 
67.Qg4+ Kf8 68.Kh3 Qe3 69.Qf5 Qe2 70.Qc8+ Kg7 71.Qg4+ Kf8 72.Qg3 Qf1+ 73.
Kg4 Qc4+ 74.Qf4 Qc8+ 75.Kh4 Qd8+ 76.Qf6 Qd4+ 77.Kh3 Qe3 78.Qf5 Kg7 79.Qe4 
1/2-1/2

[Event "V Festival A"]
[Site "Cesenatico ITA"]
[Date "2000.09.04"]
[Round "3"]
[White "Callier, Christophe"]
[Black "Cecchetto, Vanni"]
[Result "1-0"]
[WhiteElo "2006"]
[BlackElo "2139"]
[PlyCount "103"]
[EventDate "2000.09.03"]

1.e4 c5 2.Nf3 Nc6 3.d4 cxd4 4.Nxd4 Nf6 5.Nc3 e5 6.Ndb5 d6 7.Bg5 a6 8.Bxf6 
gxf6 9.Na3 b5 10.Nd5 Bg7 11.c3 O-O 12.Nc2 f5 13.exf5 Bxf5 14.Nce3 Be6 15.
g3 Rc8 16.Bg2 f5 17.Qh5 Kh8 18.O-O Bf7 19.Qe2 Qg5 20.f4 exf4 21.Nxf4 Ne5 
22.Nh3 Qe7 23.Nxf5 Qa7+ 24.Qe3 Qxe3+ 25.Nxe3 Nd3 26.Ng5 Bg8 27.Rad1 Rxf1+ 
28.Kxf1 Rf8+ 29.Kg1 Nxb2 30.Rxd6 Bxc3 31.Nc2 a5 32.Bd5 Nc4 33.Bxc4 Bxc4 
34.Rc6 Bd2 35.Ne6 Re8 36.Ned4 Be3+ 37.Nxe3 Rxe3 38.Rc8+ Bg8 39.Nxb5 Re1+ 
40.Kf2 Rh1 41.Kg2 Rb1 42.a4 Rb2+ 43.Kf3 Kg7 44.Nd6 Bd5+ 45.Ke3 Rxh2 46.Rc5
Bb3 47.Rxa5 Kf6 48.Ne4+ Kg6 49.Rg5+ Kf7 50.a5 h6 51.Rb5 Bc4 52.Nd6+ 1-0

[Event "V Festival A"]
[Site "Cesenatico ITA"]
[Date "2000.09.04"]
[Round "3"]
[White "Casadei, Mauro"]
[Black "Naumkin, Igor"]
[Result "0-1"]
[WhiteElo "2137"]
[BlackElo "2440"]
[PlyCount "64"]
[EventDate "2000.09.03"]

1.d4 e6 2.c4 f5 3.Nf3 Nf6 4.Nc3 Bb4 5.Qb3 Qe7 6.Bg5 O-O 7.g3 Nc6 8.Bg2 Na5
9.Qc2 Nxc4 10.a3 Ba5 11.O-O d5 12.Ne5 Nd6 13.b4 Bb6 14.e3 Nf7 15.Bxf6 Qxf6
16.Nxf7 Rxf7 17.f4 Bd7 18.Na4 Bxa4 19.Qxa4 g5 20.Kh1 c6 21.Qd1 Rg7 22.h3 
Kh8 23.Rg1 Rag8 24.Qe2 gxf4 25.gxf4 Qh4 26.Qf1 a5 27.Rb1 axb4 28.axb4 Rg3 
29.Qe2 e5 30.Rbd1 Rxh3+ 31.Bxh3 Qxh3+ 32.Qh2 Qf3+ 0-1

[Event "V Festival A"]
[Site "Cesenatico ITA"]
[Date "2000.09.04"]
[Round "3"]
[White "Cocchi, Andrea"]
[Black "Adinolfi, Vincenzo"]
[Result "1-0"]
[WhiteElo "2261"]
[BlackElo "2132"]
[PlyCount "45"]
[EventDate "2000.09.03"]

1.e4 d6 2.d4 g6 3.Nf3 Bg7 4.Bc4 c6 5.Qe2 d5 6.exd5 cxd5 7.Bb5+ Bd7 8.Nc3 
Nc6 9.Nxd5 Nxd4 10.Nxd4 Bxd4 11.O-O a6 12.Bxd7+ Qxd7 13.Qc4 Be5 14.Nb6 
Bxh2+ 15.Kh1 Qf5 16.Nxa8 Nf6 17.Kxh2 O-O 18.f3 Rc8 19.Qd3 Qh5+ 20.Kg1 Nd5 
21.c4 Nb4 22.Qe4 Rxa8 23.Bd2 1-0

[Event "V Festival A"]
[Site "Cesenatico ITA"]
[Date "2000.09.04"]
[Round "3"]
[White "Collutiis, Duilio"]
[Black "Grigore, George-Gabriel"]
[Result "1-0"]
[WhiteElo "2286"]
[BlackElo "2508"]
[PlyCount "55"]
[EventDate "2000.09.03"]

1.e4 c5 2.Nf3 Nc6 3.d4 cxd4 4.Nxd4 e5 5.Nb5 d6 6.c4 Be7 7.Be2 Nf6 8.N1c3 
a6 9.Na3 Nd4 10.O-O O-O 11.h3 Be6 12.Be3 Nxe2+ 13.Qxe2 Rc8 14.Rfd1 Kh8 15.
Nd5 Nxd5 16.cxd5 Bd7 17.Nc4 f5 18.exf5 Bxf5 19.a4 Qe8 20.Bb6 Qg6 21.Ra3 
Bh4 22.Kh2 Bc2 23.Re1 Rf4 24.Rc3 Re4 25.Nxe5 Qf5 26.Nf7+ Kg8 27.Qxc2 Qf4+ 
28.g3 1-0

[Event "V Festival A"]
[Site "Cesenatico ITA"]
[Date "2000.09.04"]
[Round "3"]
[White "Drazic, Sinisa"]
[Black "Brancaleoni, Maurizio"]
[Result "1-0"]
[WhiteElo "2508"]
[BlackElo "2199"]
[PlyCount "62"]
[EventDate "2000.09.03"]

1.d4 d5 2.Bg5 g6 3.c3 Bg7 4.Nd2 Nf6 5.Bxf6 exf6 6.h4 h5 7.e4 O-O 8.Be2 c5 
9.Ngf3 Na6 10.exd5 Qxd5 11.Qb3 Qd6 12.O-O cxd4 13.Nxd4 Qf4 14.N2f3 b6 15.
g3 Qc7 16.Nb5 Qe7 17.Rfe1 Nc5 18.Qd5 Bb7 19.Qd6 Rfe8 20.Bf1 Qxd6 21.Rxe8+ 
Rxe8 22.Nxd6 Re7 23.Nxb7 Rxb7 24.a4 Rd7 25.Bb5 Rd6 26.Re1 Re6 27.Rd1 Bf8 
28.Rd8 Re7 29.Ra8 a5 30.Nd4 Ne4 31.Kg2 f5 1-0

[Event "V Festival A"]
[Site "Cesenatico ITA"]
[Date "2000.09.04"]
[Round "3"]
[White "Gaiba, Paolo"]
[Black "Andreazza, Attilio"]
[Result "1/2-1/2"]
[WhiteElo "2163"]
[BlackElo "2055"]
[PlyCount "155"]
[EventDate "2000.09.03"]

1.e4 c6 2.d4 d5 3.exd5 cxd5 4.Nf3 Nf6 5.Bd3 Bg4 6.O-O e6 7.Nbd2 Nc6 8.c3 
Bh5 9.Re1 Be7 10.Nf1 O-O 11.Bf4 a6 12.Ng3 Bg6 13.Bxg6 hxg6 14.Qd3 Nd7 15.
Re2 Re8 16.Rae1 Nf8 17.h3 b5 18.a3 Bf6 19.Nf1 Na5 20.Ne3 Nc4 21.Bh2 Nxe3 
22.fxe3 Qb6 23.e4 dxe4 24.Rxe4 a5 25.Be5 Nd7 26.Kh1 b4 27.axb4 axb4 28.c4 
Bxe5 29.Nxe5 Nxe5 30.Rxe5 Red8 31.Rd1 Qc7 32.Rb5 Rab8 33.Rxb8 Qxb8 34.b3 
Qd6 35.c5 Qd5 36.Rc1 e5 37.Rc4 exd4 38.c6 Rc8 39.c7 Qd6 40.Qxd4 Qxd4 41.
Rxd4 Rxc7 42.Rxb4 Kf8 43.Rb8+ Ke7 44.Kh2 Kd6 45.b4 Rd7 46.Kg3 Kc6 47.Kf4 
f6 48.Ke3 Kc7 49.Rb5 Kc6 50.Rb8 Kc7 51.Rb5 Kc6 52.Rc5+ Kb6 53.Ke4 Rd2 54.
Kf3 Rd4 55.Rc8 Rxb4 56.Rg8 Kc5 57.Rxg7 g5 58.Re7 f5 59.Rg7 Rb3+ 60.Kf2 g4 
61.hxg4 fxg4 62.Rxg4 Kd5 63.Rf4 Ke5 64.Rf8 Ra3 65.g3 Ra6 66.Kf3 Rg6 67.g4 
Rf6+ 68.Rxf6 Kxf6 69.Kf4 Kg6 70.g5 Kg7 71.Kg4 Kg6 72.Kf4 Kg7 73.Kf5 Kf7 
74.g6+ Kg7 75.Kg5 Kg8 76.Kg4 Kg7 77.Kf5 Kg8 78.Kf6 1/2-1/2

[Event "V Festival A"]
[Site "Cesenatico ITA"]
[Date "2000.09.04"]
[Round "3"]
[White "Gori, Andrea"]
[Black "Cadelli, Luciano"]
[Result "1-0"]
[WhiteElo "2201"]
[BlackElo "2113"]
[PlyCount "41"]
[EventDate "2000.09.03"]

1.e4 e5 2.Nf3 Nc6 3.Bb5 a6 4.Ba4 Nf6 5.O-O d6 6.Bxc6+ bxc6 7.d4 Nxe4 8.Re1
f5 9.dxe5 d5 10.Nbd2 Bc5 11.Nxe4 fxe4 12.Nd4 O-O 13.Be3 Qe8 14.c4 Qg6 15.
Kh1 Rb8 16.cxd5 cxd5 17.Rc1 Bb4 18.Nc6 Bxe1 19.Ne7+ Kh8 20.Nxg6+ hxg6 21.
Qxe1 1-0

[Event "V Festival A"]
[Site "Cesenatico ITA"]
[Date "2000.09.04"]
[Round "3"]
[White "Jasnig, Stelio"]
[Black "Bertagnolli, Alexander"]
[Result "1/2-1/2"]
[WhiteElo "2056"]
[BlackElo "2196"]
[PlyCount "81"]
[EventDate "2000.09.03"]

1.d4 g6 2.e4 Bg7 3.c3 d5 4.Nd2 Nf6 5.e5 Nfd7 6.g3 c5 7.f4 Nc6 8.Ngf3 cxd4 
9.Nxd4 O-O 10.Bg2 Nb6 11.N2f3 f6 12.Nxc6 bxc6 13.O-O fxe5 14.Nxe5 Bxe5 15.
fxe5 Rxf1+ 16.Bxf1 Bf5 17.Qd4 Qc7 18.Bf4 e6 19.Rc1 Rd8 20.b3 Qe7 21.h4 Qa3
22.Qd2 Be4 23.Bh3 Re8 24.Qe2 Nd7 25.Re1 Qc5+ 26.Kh2 Qe7 27.Qe3 a5 28.Bg2 
Bxg2 29.Kxg2 Qc5 30.Qf3 Rf8 31.Qd3 Rf5 32.Qd4 Qxd4 33.cxd4 c5 34.Be3 cxd4 
35.Bxd4 Kg7 36.Re3 Nb8 37.Rf3 Nc6 38.Bc3 d4 39.Bd2 Rxf3 40.Kxf3 Nxe5+ 41.
Ke4 1/2-1/2

[Event "V Festival A"]
[Site "Cesenatico ITA"]
[Date "2000.09.04"]
[Round "3"]
[White "Kowalczyk, Martin"]
[Black "Perich, Stefano"]
[Result "1/2-1/2"]
[WhiteElo "2120"]
[BlackElo "2043"]
[PlyCount "89"]
[EventDate "2000.09.03"]

1.e4 g6 2.d4 Bg7 3.f4 d6 4.Nf3 Bg4 5.c3 Nd7 6.Bc4 e6 7.O-O Ne7 8.h3 Bxf3 
9.Qxf3 O-O 10.Be3 Nb6 11.Bd3 d5 12.e5 f5 13.Nd2 Nd7 14.b4 c6 15.a4 b6 16.
Ba6 Qc7 17.Nb3 Rad8 18.Ra2 Nb8 19.Bd3 h6 20.g4 Kh7 21.h4 fxg4 22.Qxg4 Nf5 
23.Rg2 Qf7 24.Bd2 h5 25.Qh3 Rg8 26.Kh1 Bf8 27.Rfg1 Be7 28.Be1 Nd7 29.Qf3 
Kh6 30.Nd2 c5 31.bxc5 bxc5 32.Nf1 cxd4 33.Bxf5 gxf5 34.cxd4 Rxg2 35.Qxg2 
Nb6 36.a5 Nc4 37.Nh2 Rb8 38.Nf3 Rb2 39.Qg3 Kh7 40.Ng5+ Bxg5 41.hxg5 Kg6 
42.Qc3 Qd7 43.Rg2 Rb1 44.Kh2 Qb5 45.Ra2 1/2-1/2

[Event "V Festival A"]
[Site "Cesenatico ITA"]
[Date "2000.09.04"]
[Round "3"]
[White "Ori, Marco"]
[Black "Facchetti, Gianni"]
[Result "1-0"]
[WhiteElo "2060"]
[BlackElo "2154"]
[PlyCount "113"]
[EventDate "2000.09.03"]

1.e4 e5 2.Nc3 Nf6 3.f4 d5 4.fxe5 Nxe4 5.d3 Nc5 6.Nf3 Be7 7.Be2 d4 8.Nb5 
Ne6 9.c3 c5 10.a4 Nc6 11.O-O O-O 12.Qe1 a6 13.Na3 b5 14.Bd2 Qb6 15.Qg3 Bd7
16.axb5 axb5 17.c4 b4 18.Nb5 Rxa1 19.Rxa1 Na5 20.Nd6 Bxd6 21.exd6 Nb3 22.
Rf1 Nxd2 23.Nxd2 Bc6 24.Bg4 Nd8 25.Bf5 Nb7 26.Qh4 h6 27.Qf4 Qd8 28.Be4 
Bxe4 29.Nxe4 f5 30.Nxc5 Nxc5 31.Qxd4 Qb6 32.Qd5+ Kh8 33.d4 Nd3 34.c5 Qa5 
35.b3 Qa2 36.d7 Qe2 37.Qf3 Qc2 38.c6 Qc3 39.Qd5 Qd2 40.Qe6 Nf4 41.Rxf4 
Qxf4 42.Qd5 Qc7 43.Qc5 Ra8 44.g3 f4 45.Kg2 fxg3 46.hxg3 Qd8 47.Qe5 Qf8 48.
c7 Ra2+ 49.Kh3 Qf1+ 50.Kg4 Qd1+ 51.Kf5 Rf2+ 52.Ke6 Qxb3+ 53.d5 Rf8 54.d8=Q
Qf3 55.c8=Q Qf7+ 56.Kd6 Qg6+ 57.Kc7 1-0

[Event "V Festival A"]
[Site "Cesenatico ITA"]
[Date "2000.09.04"]
[Round "3"]
[White "Ragonese, Lucio Rosario"]
[Black "Philippe, Denis"]
[Result "1/2-1/2"]
[WhiteElo "2026"]
[BlackElo "2028"]
[PlyCount "20"]
[EventDate "2000.09.03"]

1.d4 d5 2.Nf3 Nf6 3.Bg5 Ne4 4.Bf4 c5 5.e3 Qb6 6.Qc1 Nc6 7.c3 Bf5 8.Be2 f6 
9.O-O g5 10.Bg3 h5 1/2-1/2

[Event "V Festival A"]
[Site "Cesenatico ITA"]
[Date "2000.09.04"]
[Round "3"]
[White "Schuetzhold, Frank"]
[Black "Di Lazzaro, Gabriele"]
[Result "1/2-1/2"]
[WhiteElo "2128"]
[BlackElo "1959"]
[PlyCount "57"]
[EventDate "2000.09.03"]

1.f4 d5 2.b3 Bg4 3.Bb2 Nc6 4.Nf3 Bxf3 5.exf3 e6 6.Bb5 Ne7 7.O-O Qd6 8.
Bxc6+ Qxc6 9.Re1 h5 10.d3 Nf5 11.Kh1 h4 12.d4 Bd6 13.Qd2 Qb6 14.c3 c5 15.
Rd1 cxd4 16.cxd4 Rc8 17.Ba3 O-O 18.Bxd6 Qxd6 19.Nc3 Rc6 20.Ne2 Qa3 21.Rdc1
Rfc8 22.Rxc6 Rxc6 23.Kg1 a6 24.Kf2 g6 25.Ke1 Kg7 26.Kd1 Qd6 27.h3 Qc7 28.
Rc1 Rxc1+ 29.Nxc1 1/2-1/2

[Event "V Festival A"]
[Site "Cesenatico ITA"]
[Date "2000.09.04"]
[Round "3"]
[White "Tomescu, Vlad"]
[Black "Emami, Madjid"]
[Result "1/2-1/2"]
[WhiteElo "2432"]
[BlackElo "2171"]
[PlyCount "81"]
[EventDate "2000.09.03"]

1.e4 c6 2.d4 g6 3.c4 Bg7 4.Nc3 d6 5.Be3 Nd7 6.Qd2 a6 7.a4 Qa5 8.Ra3 e5 9.
d5 c5 10.Bd3 Ndf6 11.f3 Nh5 12.Nge2 f5 13.O-O f4 14.Bf2 g5 15.Rb1 g4 16.
Kh1 Bh6 17.Qe1 Ngf6 18.fxg4 Nxg4 19.Ng1 Rg8 20.Be2 Nhf6 21.Bxg4 Nxg4 22.
Nd1 Qc7 23.h3 Nxf2+ 24.Qxf2 a5 25.Nc3 Qg7 26.Nb5 Ke7 27.Nf3 Bg5 28.Nc7 Rb8
29.Rd1 b6 30.Rad3 Bf6 31.Ne6 Qh6 32.b3 Bd7 33.Qe2 Rg6 34.R1d2 Rbg8 35.Nh2 
Bh4 36.Kg1 Bg3 37.Nf3 Be8 38.Kf1 Bd7 39.Qd1 Be8 40.Qe2 Bd7 41.Qd1 1/2-1/2

[Event "V Festival A"]
[Site "Cesenatico ITA"]
[Date "2000.09.04"]
[Round "3"]
[White "Voltolini, Giuseppe"]
[Black "Farago, Ivan"]
[Result "1/2-1/2"]
[WhiteElo "2279"]
[BlackElo "2486"]
[PlyCount "99"]
[EventDate "2000.09.03"]

1.d4 Nf6 2.c4 e6 3.Nc3 Bb4 4.e3 O-O 5.Bd3 d5 6.Ne2 dxc4 7.Bxc4 e5 8.O-O 
Nc6 9.d5 Ne7 10.e4 Ng6 11.f3 Bc5+ 12.Kh1 Nh5 13.g4 Nhf4 14.Nxf4 exf4 15.
Bd2 a6 16.Bb3 Bd7 17.Be1 Qg5 18.Bf2 Be7 19.Qe1 h5 20.h4 Nxh4 21.Bxh4 Qxh4+
22.Qxh4 Bxh4 23.gxh5 Rae8 24.Rfc1 Re5 25.Ne2 Rc8 26.Rc2 Bf2 27.Kg2 Be3 28.
Rh1 Kh7 29.Rh4 f5 30.Nxf4 fxe4 31.fxe4 Rxe4 32.Rc4 Rxc4 33.Bxc4 Rf8 34.Ne6
Rf2+ 35.Kg3 Rf6 36.Rg4 Kh6 37.Bd3 Bxe6 38.dxe6 Rxe6 39.Rg6+ Rxg6+ 40.Bxg6 
Kg5 41.a4 Kf6 42.Kf3 Bc1 43.b3 Ke5 44.Ke2 Kd4 45.Kd1 Bg5 46.Kc2 Kc5 47.Bf5
b5 48.axb5 axb5 49.Bd7 Kb4 50.Be8 1/2-1/2

[Event "V Festival A"]
[Site "Cesenatico ITA"]
[Date "2000.09.04"]
[Round "3"]
[White "Wittstock, Bjoern"]
[Black "Inkiov, Ventzislav V."]
[Result "0-1"]
[WhiteElo "2123"]
[BlackElo "2416"]
[PlyCount "66"]
[EventDate "2000.09.03"]

1.Nf3 Nf6 2.c4 e6 3.Nc3 d5 4.d4 Bb4 5.Qc2 dxc4 6.e3 b5 7.a4 c6 8.axb5 cxb5
9.b3 Nd5 10.Bd2 Bxc3 11.Bxc3 b4 12.Bd2 c3 13.Bc1 Bb7 14.e4 Nf6 15.Bd3 h6 
16.Be3 Nc6 17.Ba6 Qc8 18.Bxb7 Qxb7 19.O-O Ne7 20.d5 exd5 21.exd5 Nfxd5 22.
Bc5 O-O 23.Qe4 Rfe8 24.Rfe1 a5 25.Bd4 Qd7 26.Ne5 Qf5 27.Qe2 Ng6 28.Qb5 
Ndf4 29.Rxa5 Nxe5 30.Bxe5 Nd3 31.Rea1 Rxa5 32.Qxe8+ Kh7 33.Rf1 Rxe5 0-1

[Event "V Festival A"]
[Site "Cesenatico ITA"]
[Date "2000.09.05"]
[Round "4"]
[White "Adinolfi, Vincenzo"]
[Black "Cadelli, Luciano"]
[Result "1/2-1/2"]
[WhiteElo "2132"]
[BlackElo "2113"]
[PlyCount "74"]
[EventDate "2000.09.03"]

1.d4 d5 2.Nf3 Nf6 3.Bg5 e6 4.e3 Be7 5.c4 O-O 6.Nc3 c6 7.Rc1 Nbd7 8.cxd5 
Nxd5 9.Bxe7 Qxe7 10.Bd3 Nxc3 11.bxc3 e5 12.Qc2 g6 13.O-O Re8 14.e4 b6 15.
a4 f6 16.Bc4+ Kg7 17.d5 cxd5 18.Bxd5 Rb8 19.c4 Nc5 20.Ra1 Bd7 21.Nd2 a5 
22.Nb1 Na6 23.Nc3 Nb4 24.Qb3 Qc5 25.Nb5 Bxb5 26.axb5 Red8 27.h4 Rd6 28.Kh2
Rbd8 29.Rac1 Rc8 30.Qb1 Qd4 31.Rcd1 Qc3 32.Qc1 Qxc1 33.Rxc1 Nd3 34.Ra1 Nf4
35.Rfe1 Rc5 36.Rab1 f5 37.f3 Kf6 1/2-1/2

[Event "V Festival A"]
[Site "Cesenatico ITA"]
[Date "2000.09.05"]
[Round "4"]
[White "Brancaleoni, Maurizio"]
[Black "Jasnig, Stelio"]
[Result "0-1"]
[WhiteElo "2199"]
[BlackElo "2056"]
[PlyCount "54"]
[EventDate "2000.09.03"]

1.e4 e6 2.d4 b6 3.Bd3 d5 4.exd5 exd5 5.Nf3 Nf6 6.O-O Be7 7.Ne5 O-O 8.Nd2 
c5 9.c3 Qc7 10.Qe2 a5 11.Ndf3 Ba6 12.dxc5 bxc5 13.Bg5 Ne4 14.Bxe7 Qxe7 15.
Rfe1 Bxd3 16.Qxd3 Rd8 17.Rad1 f5 18.Qc2 Qe6 19.Nd3 Qb6 20.Nf4 d4 21.cxd4 
cxd4 22.Qc4+ Kh8 23.Ne6 Nc6 24.Nxd8 Rxd8 25.Rc1 Ne7 26.Qc7 Nd5 27.Nxd4 
Nxc7 0-1

[Event "V Festival A"]
[Site "Cesenatico ITA"]
[Date "2000.09.05"]
[Round "4"]
[White "Callier, Christophe"]
[Black "Schuetzhold, Frank"]
[Result "1/2-1/2"]
[WhiteElo "2006"]
[BlackElo "2128"]
[PlyCount "125"]
[EventDate "2000.09.03"]

1.e4 d6 2.d4 Nf6 3.Nc3 g6 4.Bg5 h6 5.Bf4 c6 6.Qd2 g5 7.Bg3 Nh5 8.O-O-O Qa5
9.Kb1 Be6 10.f4 Nxg3 11.hxg3 gxf4 12.gxf4 Na6 13.f5 Bd7 14.g4 Rg8 15.Be2 
O-O-O 16.Nh3 e6 17.Nf4 Nc7 18.Nh5 Ne8 19.Qf4 d5 20.e5 Kb8 21.Rd3 Qc7 22.f6
Bc8 23.Nd1 b6 24.Rg3 Qd7 25.Nf2 Bb7 26.Bd3 Qc8 27.Nh3 Ba6 28.Qf1 Bxd3 29.
Qxd3 Rh8 30.g5 hxg5 31.Nxg5 Qd7 32.Nh7 Nc7 33.c3 Kb7 34.Rhg1 Bh6 35.Ng7 
Ne8 36.Rh3 Bxg7 37.fxg7 Rg8 38.Nf6 Nxf6 39.exf6 Rde8 40.Rgh1 Qd8 41.Rh6 e5
42.dxe5 Rxe5 43.Qh3 Qe8 44.Qh4 Re4 45.Qf2 Re2 46.Qxe2 Qxe2 47.Rh8 Qe4+ 48.
Ka1 Re8 49.a3 d4 50.cxd4 Qf3 51.Rxe8 Qxh1+ 52.Ka2 Qd5+ 53.Kb1 Qf5+ 54.Kc1 
Qf1+ 55.Kd2 Qf2+ 56.Kc3 Qf3+ 57.Kc2 Qf2+ 58.Kd3 Qf3+ 59.Re3 Qd1+ 60.Ke4 
Qg4+ 61.Kd3 Qd1+ 62.Kc4 Qc1+ 63.Kd3 1/2-1/2

[Event "V Festival A"]
[Site "Cesenatico ITA"]
[Date "2000.09.05"]
[Round "4"]
[White "Costantini, Roberto"]
[Black "Voltolini, Giuseppe"]
[Result "1-0"]
[WhiteElo "2233"]
[BlackElo "2279"]
[PlyCount "47"]
[EventDate "2000.09.03"]

1.e4 c6 2.d4 d5 3.Nd2 dxe4 4.Nxe4 Bf5 5.Ng3 Bg6 6.h4 h6 7.Nf3 Nf6 8.Ne5 
Bh7 9.Bd3 Bxd3 10.Qxd3 e6 11.Bd2 Nbd7 12.f4 c5 13.O-O-O cxd4 14.Ng6 Rg8 
15.Nxf8 Nxf8 16.Rhe1 Qd5 17.Re5 Qc6 18.Qxd4 N8d7 19.Ree1 Qa6 20.Nf5 O-O-O 
21.Ne7+ Kb8 22.Nxg8 Qxa2 23.Qd6+ Ka8 24.Be3 1-0

[Event "V Festival A"]
[Site "Cesenatico ITA"]
[Date "2000.09.05"]
[Round "4"]
[White "Di Lazzaro, Gabriele"]
[Black "Kowalczyk, Martin"]
[Result "0-1"]
[WhiteElo "1959"]
[BlackElo "2120"]
[PlyCount "56"]
[EventDate "2000.09.03"]

1.e4 d6 2.d4 Nf6 3.Nc3 g6 4.f3 c6 5.Be3 Bg7 6.Qd2 Qa5 7.Bd3 b5 8.g4 h5 9.
g5 Nfd7 10.h4 Nb6 11.Nh3 Bxh3 12.Rxh3 N8d7 13.f4 Nc4 14.Bxc4 bxc4 15.Ne2 
Qb5 16.Rb1 e6 17.Bf2 O-O 18.Ra3 a5 19.Nc3 Qb4 20.Ra4 Qb7 21.Nd1 c5 22.Nc3 
f5 23.e5 cxd4 24.Qxd4 dxe5 25.Qxc4 exf4 26.Kd2 Rad8 27.Kc1 Qh1+ 28.Nd1 Nc5
0-1

[Event "V Festival A"]
[Site "Cesenatico ITA"]
[Date "2000.09.05"]
[Round "4"]
[White "Emami, Madjid"]
[Black "Cocchi, Andrea"]
[Result "0-1"]
[WhiteElo "2171"]
[BlackElo "2261"]
[PlyCount "76"]
[EventDate "2000.09.03"]

1.Nf3 c5 2.b3 d5 3.Bb2 f6 4.d4 cxd4 5.Nxd4 e5 6.Nf3 Nc6 7.e3 Bf5 8.Be2 
Bb4+ 9.c3 Ba5 10.O-O Nge7 11.Nbd2 O-O 12.Rc1 e4 13.Ne1 Qd6 14.g3 Rfd8 15.
a3 Kh8 16.Qc2 Qe6 17.b4 Bb6 18.Qb3 Ng6 19.a4 Nge5 20.b5 Na5 21.Qc2 Bg4 22.
Qd1 Qf5 23.Bxg4 Nxg4 24.Qe2 Qh5 25.h4 g5 26.Ng2 Rg8 27.c4 gxh4 28.Nxh4 Qg5
29.cxd5 Rae8 30.Kh1 Rg6 31.Nxg6+ Qxg6 32.Kg2 Rg8 33.Qe1 Qh5 34.Rh1 Qxd5 
35.Rh4 Qf5 36.Qe2 Rg7 37.Rc8+ Qxc8 38.Bxf6 Nxf6 0-1

[Event "V Festival A"]
[Site "Cesenatico ITA"]
[Date "2000.09.05"]
[Round "4"]
[White "Facchetti, Gianni"]
[Black "Cecchetto, Vanni"]
[Result "1-0"]
[WhiteElo "2154"]
[BlackElo "2139"]
[PlyCount "33"]
[EventDate "2000.09.03"]

1.e4 c5 2.Nf3 e6 3.d3 d6 4.Be2 Nf6 5.Nbd2 Nc6 6.c3 e5 7.a4 g6 8.Nf1 c4 9.
Bg5 cxd3 10.Qxd3 Be6 11.Ne3 h6 12.Bxf6 Qxf6 13.Qb5 O-O-O 14.a5 a6 15.Qa4 
d5 16.Bxa6 d4 17.Qxc6+ 1-0

[Event "V Festival A"]
[Site "Cesenatico ITA"]
[Date "2000.09.05"]
[Round "4"]
[White "Grigore, George-Gabriel"]
[Black "Gori, Andrea"]
[Result "1-0"]
[WhiteElo "2508"]
[BlackElo "2201"]
[PlyCount "73"]
[EventDate "2000.09.03"]

1.d4 d6 2.Nf3 Bg4 3.e4 e6 4.c4 c5 5.d5 e5 6.Be2 Nd7 7.O-O Be7 8.Ne1 Bxe2 
9.Qxe2 Ngf6 10.Nc3 a6 11.a4 a5 12.Nd3 O-O 13.f4 Ne8 14.fxe5 dxe5 15.Be3 
Ra6 16.Qh5 g6 17.Qh3 f6 18.g4 Nd6 19.b3 Nf7 20.Ra2 Kg7 21.Raf2 Rb6 22.Nb5 
Rh8 23.g5 h6 24.gxf6+ Nxf6 25.Qg2 Qc8 26.Rf5 Kh7 27.Nxe5 Ng5 28.Nxg6 Kxg6 
29.Bxg5 hxg5 30.Rxg5+ Kf7 31.e5 Qh3 32.Rg7+ Kf8 33.d6 Qe3+ 34.Kh1 Qxe5 35.
dxe7+ Ke8 36.Qg6+ Kd7 37.e8=Q# 1-0

[Event "V Festival A"]
[Site "Cesenatico ITA"]
[Date "2000.09.05"]
[Round "4"]
[White "Inkiov, Ventzislav V."]
[Black "Assmann, Thomas"]
[Result "1-0"]
[WhiteElo "2416"]
[BlackElo "2335"]
[PlyCount "51"]
[EventDate "2000.09.03"]

1.d4 Nf6 2.c4 e6 3.Nc3 Bb4 4.e3 O-O 5.Bd3 c5 6.Ne2 d5 7.cxd5 cxd4 8.exd4 
Nxd5 9.O-O Nc6 10.Be4 Nf6 11.Bf3 Be7 12.Be3 Bd7 13.Nf4 Na5 14.d5 Nxd5 15.
Nfxd5 exd5 16.Nxd5 Bb5 17.Re1 Bd6 18.Bd4 Re8 19.Bc3 Rxe1+ 20.Qxe1 Nc6 21.
Rd1 Qf8 22.Qd2 Ne5 23.Qg5 h6 24.Nf6+ Kh8 25.Qf4 gxf6 26.Qxf6+ 1-0

[Event "V Festival A"]
[Site "Cesenatico ITA"]
[Date "2000.09.05"]
[Round "4"]
[White "Lagrotteria, Salvatore"]
[Black "Drazic, Sinisa"]
[Result "0-1"]
[WhiteElo "2201"]
[BlackElo "2508"]
[PlyCount "94"]
[EventDate "2000.09.03"]

1.d4 d5 2.Nf3 Nf6 3.c4 dxc4 4.Qa4+ Nc6 5.Nc3 Nd5 6.Qxc4 Nb6 7.Qd3 a6 8.h3 
Be6 9.b3 Nb4 10.Qb1 f5 11.e3 g6 12.Bc4 N4d5 13.Nxd5 Bxd5 14.Bxd5 Nxd5 15.
Bd2 Bg7 16.O-O Qd7 17.a4 O-O 18.Qd3 h6 19.Rac1 g5 20.e4 fxe4 21.Qxe4 Qf5 
22.Qe2 Rf7 23.Be3 Raf8 24.Qd2 Qe6 25.Nh2 Qb6 26.b4 e6 27.Rb1 Qc6 28.b5 
axb5 29.Rfe1 Qd6 30.axb5 Nxe3 31.fxe3 Rf2 32.Qd3 Qd5 33.e4 Qxd4 34.Qxd4 
Bxd4 35.Kh1 Bb6 36.Ng4 R2f4 37.e5 Kg7 38.Rbd1 R8f5 39.Rd7+ Rf7 40.Red1 Kg6
41.Nf6 Rxd7 42.Rxd7 Rf1+ 43.Kh2 Bg1+ 44.Kg3 h5 45.h4 gxh4+ 46.Kxh4 Bf2+ 
47.g3 Rh1# 0-1

[Event "V Festival A"]
[Site "Cesenatico ITA"]
[Date "2000.09.05"]
[Round "4"]
[White "Molina, Fabrizio"]
[Black "Ragonese, Lucio Rosario"]
[Result "1-0"]
[WhiteElo "2313"]
[BlackElo "2026"]
[PlyCount "55"]
[EventDate "2000.09.03"]

1.c4 f5 2.Nc3 Nf6 3.g3 g6 4.Bg2 Bg7 5.d3 O-O 6.e3 c6 7.Nge2 e5 8.O-O d6 9.
Rb1 Be6 10.b3 Na6 11.Bb2 Qd7 12.Qd2 Rad8 13.f4 Rfe8 14.Na4 Bf7 15.Rfe1 
exf4 16.gxf4 Ng4 17.Bxg7 Kxg7 18.Ng3 d5 19.cxd5 Bxd5 20.Qc3+ Kf7 21.e4 Be6
22.exf5 Bxf5 23.Be4 Bxe4 24.Nxe4 Nc7 25.Nac5 Nd5 26.Qd2 Qf5 27.Nxb7 Qxf4 
28.Rf1 1-0

[Event "V Festival A"]
[Site "Cesenatico ITA"]
[Date "2000.09.05"]
[Round "4"]
[White "Naumkin, Igor"]
[Black "Guanciale, Orazio"]
[Result "1-0"]
[WhiteElo "2440"]
[BlackElo "2183"]
[PlyCount "63"]
[EventDate "2000.09.03"]

1.d4 f5 2.g3 Nf6 3.Bg2 g6 4.c4 Bg7 5.Nc3 O-O 6.Nh3 Nc6 7.O-O e6 8.d5 Ne5 
9.b3 Nf7 10.Bb2 e5 11.f4 e4 12.Qd2 c5 13.Nd1 d6 14.Ne3 h6 15.Nf2 Qe8 16.b4
Qa4 17.a3 b5 18.g4 bxc4 19.gxf5 Bxf5 20.Kh1 Rab8 21.Nxf5 gxf5 22.Rg1 Kh8 
23.Bh3 cxb4 24.axb4 Qxb4 25.Bc3 e3 26.Qxe3 Ng4 27.Bxg7+ Kxg7 28.Qd4+ Kh7 
29.Nxg4 c3 30.Nf6+ Kh8 31.Qxb4 Rxb4 32.Rxa7 1-0

[Event "V Festival A"]
[Site "Cesenatico ITA"]
[Date "2000.09.05"]
[Round "4"]
[White "Ori, Marco"]
[Black "Gaiba, Paolo"]
[Result "0-1"]
[WhiteElo "2060"]
[BlackElo "2163"]
[PlyCount "68"]
[EventDate "2000.09.03"]

1.e4 e5 2.Nc3 Bc5 3.Bc4 Nf6 4.d3 Nc6 5.Bg5 O-O 6.Nd5 Be7 7.Nxe7+ Qxe7 8.a3
d6 9.Ne2 Bg4 10.f3 Be6 11.O-O d5 12.Bxf6 Qc5+ 13.Kh1 dxc4 14.d4 exd4 15.
Bxd4 Nxd4 16.Nxd4 Rfe8 17.Nxe6 Rxe6 18.Qd2 c3 19.Qxc3 Qxc3 20.bxc3 Rd8 21.
Rad1 Red6 22.Rxd6 Rxd6 23.Kg1 Kf8 24.Rb1 b6 25.Kf1 Rd2 26.Rb2 Ke7 27.h4 
Kd6 28.f4 Kc5 29.a4 c6 30.a5 b5 31.e5 a6 32.Rb4 Kd5 33.Rb2 c5 34.Kg1 Kc4 
0-1

[Event "V Festival A"]
[Site "Cesenatico ITA"]
[Date "2000.09.05"]
[Round "4"]
[White "Philippe, Denis"]
[Black "Casadei, Mauro"]
[Result "1/2-1/2"]
[WhiteElo "2028"]
[BlackElo "2137"]
[PlyCount "67"]
[EventDate "2000.09.03"]

1.d4 Nf6 2.Nf3 g6 3.Nc3 d5 4.Bf4 Bg7 5.e3 O-O 6.Be2 b6 7.Ne5 Bb7 8.h4 Nfd7
9.h5 c5 10.hxg6 hxg6 11.Bg4 Nxe5 12.dxe5 d4 13.exd4 Qxd4 14.Qxd4 cxd4 15.
Nb5 Nc6 16.e6 Ne5 17.exf7+ Kxf7 18.Bh3 d3 19.c3 d2+ 20.Ke2 Ba6 21.a4 Rad8 
22.Bxe5 Bxe5 23.Rhd1 Bf4 24.g3 Bh6 25.f4 e5 26.Rxd2 exf4 27.Rf1 Rxd2+ 28.
Kxd2 Ke7 29.gxf4 Bxf4+ 30.Kc2 Bxb5 31.axb5 Kd6 32.Ra1 Kc5 33.Bd7 g5 34.
Rxa7 1/2-1/2